00358 a2200109 4500001001000000005001700010008004100027245005800068100002500126700002600151773007100177ART_5270320260410161609.0260409a 10aTratamiento contable-práctico del impuesto diferido1 aOubiña, Gabriel H.1 aFaccendini, Yanina C.0 tProfesional & Empresariag- Año XXII, N° 262 (jul. 2021)wREV70